| 000 | 00555nam a2200193 4500 | ||
|---|---|---|---|
| 005 | 20251003142925.0 | ||
| 020 |
_a8175342672 _cTZS 24,355.80 /= |
||
| 040 |
_aMCCL _beng. _eAACR 2nd. rev. ed. |
||
| 082 | _a346.020264 SON | ||
| 100 | _aSoni, Ashok | ||
| 245 |
_aDigest of cases on law of contract _c/ Ashok Soni |
||
| 260 |
_aKarnal road, Delhi : _bUniversal law publishing Co., _cc2002. |
||
| 300 |
_alxii, 695 p. : _c26 cm. |
||
| 504 | _aIncludes index. | ||
| 546 | _aeng. | ||
| 650 |
_aLaw of contract _zIndia |
||
| 700 | _aSoni, Ashok | ||
| 942 | _cBK | ||
| 999 |
_c11756 _d11756 |
||